000 00861cab a2200193 4500
001 ##L132632
008 060223n2006 000 0 eng u
035 _a(Sirsi) u132632
041 0 _aeng
100 1 _aClarke, Rupert
245 0 0 _aHermes' first steps toward green balance
260 _c2006
490 0 _aEstates Gazette
_v(0607) 18 February 2006, 58-60(3)
520 _aLooks at the concept of responsible property investment (RPI) as proposed by the author, Hermes' chief executive, and as exemplified in the Hermes document "RPI: responsible property investment - defining the challenge". Describes how Hermes measures up to the RPI principles. The RPI document is appended.
590 _aIKA280206
650 2 4 _aRESPONSIBLE PROPERTY INVESTMENT
690 _aPROPERTY-PROPERTY FINANCE AND INVESTMENT-PROPERTY INVESTMENT MANAGEMENT
942 _n0
999 _c76537
_d76537